MyGZULibrary

The curriculum : (Record no. 10115)

MARC details
000 -LEADER
fixed length control field 00945cam a2200301 a 4500
001 - CONTROL NUMBER
control field 15339436
003 - CONTROL NUMBER IDENTIFIER
control field GZU
005 - DATE AND TIME OF LATEST TRANSACTION
control field 20211014131902.0
008 - FIXED-LENGTH DATA ELEMENTS--GENERAL INFORMATION
fixed length control field 080623s2009 cau b 001 0 eng
010 ## - LIBRARY OF CONGRESS CONTROL NUMBER
LC control number 2008931581
020 ## - INTERNATIONAL STANDARD BOOK NUMBER
International Standard Book Number 9781847872746 (hb)
020 ## - INTERNATIONAL STANDARD BOOK NUMBER
International Standard Book Number 1847872743 (hb)
020 ## - INTERNATIONAL STANDARD BOOK NUMBER
International Standard Book Number 9781847872753 (pb)
020 ## - INTERNATIONAL STANDARD BOOK NUMBER
International Standard Book Number 1847872751 (pb)
040 ## - CATALOGING SOURCE
Original cataloging agency DLC
Transcribing agency DLC
050 00 - LIBRARY OF CONGRESS CALL NUMBER
Classification number LB1570
Item number .KEL 2009
100 1# - MAIN ENTRY--PERSONAL NAME
Personal name Kelly, A. V.
Fuller form of name (Albert Victor)
Relator term author
245 14 - TITLE STATEMENT
Title The curriculum :
Remainder of title theory and practice /
Statement of responsibility, etc. A.V. Kelly.
250 ## - EDITION STATEMENT
Edition statement 6th edition.
260 ## - PUBLICATION, DISTRIBUTION, ETC.
Place of publication, distribution, etc. Thousand Oaks, CA :
Name of publisher, distributor, etc. SAGE Publications,
Date of publication, distribution, etc. 2009.
300 ## - PHYSICAL DESCRIPTION
Extent xiii, 321p. ;
Dimensions 25 cm.
504 ## - BIBLIOGRAPHY, ETC. NOTE
Bibliography, etc. note Includes bibliographical references and index.
650 #0 - SUBJECT ADDED ENTRY--TOPICAL TERM
Topical term or geographic name entry element Education
General subdivision Curricula.
650 #0 - SUBJECT ADDED ENTRY--TOPICAL TERM
Topical term or geographic name entry element Curriculum planning.
906 ## - LOCAL DATA ELEMENT F, LDF (RLIN)
a 7
b cbc
c orignew
d 2
e epcn
f 20
g y-gencatlg
942 ## - ADDED ENTRY ELEMENTS (KOHA)
Source of classification or shelving scheme Library of Congress Classification
Koha item type Books
Edition 6th edition
Classification part 1570
Item part KEL
Call number prefix LB
Holdings
Withdrawn status Lost status Source of classification or shelving scheme Damaged status Not for loan Collection code Home library Current library Shelving location Date acquired Source of acquisition Total Checkouts Total Renewals Full call number Barcode Date last seen Date last checked out Copy number Price effective from Koha item type
    Library of Congress Classification     Non-fiction City Campus Library City Campus Library General Stacks 10/14/2021 American Embassy - Harare 1 1 LB1570 KEL 2009 031587 07/01/2022 06/02/2022 c. 1 10/14/2021 Books